A grammar of the Bhotanta, or Boutan language (Record no. 356274)

MARC details
000 -LEADER
fixed length control field 00758nam a2200229Ia 4500
008 - FIXED-LENGTH DATA ELEMENTS--GENERAL INFORMATION
fixed length control field 191130s2000##################000#0#eng##
020 ## - INTERNATIONAL STANDARD BOOK NUMBER
International Standard Book Number 8120614879
022 ## - INTERNATIONAL STANDARD SERIAL NUMBER
International Standard Serial Number 2001290035
040 ## - CATALOGING SOURCE
Original cataloging agency ACL
Transcribing agency ACL
082 ## - DEWEY DECIMAL CLASSIFICATION NUMBER
Classification number 495.45 SCH
100 ## - MAIN ENTRY--PERSONAL NAME
Personal name Schroeter, Friedrich Christian Gotthelf
245 ## - TITLE STATEMENT
Title A grammar of the Bhotanta, or Boutan language
Statement of responsibility, etc. Frederic Christian Gotthelf Schroeter; edited by W. Carey
260 ## - PUBLICATION, DISTRIBUTION, ETC.
Place of publication, distribution, etc. New Delhi
Name of publisher, distributor, etc. Asian Educational Services
Date of publication, distribution, etc. 2000
300 ## - PHYSICAL DESCRIPTION
Extent iii, 35, 6 p. ; 29 cm
500 ## - GENERAL NOTE
General note Originally published: Serampore : 1826
650 ## - SUBJECT ADDED ENTRY--TOPICAL TERM
Topical term or geographic name entry element Tibetan language - Grammar
700 ## - ADDED ENTRY--PERSONAL NAME
Personal name Carey, William
710 ## - ADDED ENTRY--CORPORATE NAME
Corporate name or jurisdiction name as entry element Asian Educational Services
990 ## - EQUIVALENCES OR CROSS-REFERENCES [LOCAL, CANADA]
Link information for 9XX fields 7d2230b2ac100b454bbc0177741372c2
991 ## -
-- 456596

No items available.

Find us on the map